Word Ladder: Musical Menagerie Quiz Stats

Quiz Updated Oct 5, 2014

Challenge
Share
Tweet
Embed
Score 0/33 Timer 03:00
1 Play Today
Clue 4-Letter Word % Correct
Cats have this many livesNINE
98.2%
Fish found in a canTUNA
98.1%
Where boats are parkedDOCK
97.9%
Toothpaste containerTUBE
97.9%
♪ Largest brass instrument ♪♪ TUBA ♪
97.6%
♪ ____ Turner - popular singer ♪♪ TINA ♪
97.4%
♪ Music genre including The Beatles ♪♪ ROCK ♪
97.4%
Color of medium-rare meatPINK
97.2%
♪ Another name for a song ♪♪ TUNE ♪
97.1%
Prong of a forkTINE
95.5%
♪ Music genre including The Clash ♪♪ PUNK ♪
95.4%
Type of basketball shotDUNK
95.3%
Winged water dwellerDUCK
95.1%
Sixteen fluid ouncesPINT
94.6%
Cats have this many fingersNONE
93.1%
Slight darkeningTINT
93.1%
Not crazy at allSANE
91.7%
Clue 4-Letter Word % Correct
An animal's spouseMATE
89.8%
Loud crashBANG
89.6%
♪ Performed a musical piece vocally ♪♪ SANG ♪
89.3%
'The name's ____, James ____'BOND
89.2%
♪ NOTE ♪
89%
♪ Group of instrumentalists ♪♪ BAND ♪
88.7%
Hawthorne's nicknameNATE
85.7%
♪ Instruments at a lower octave ♪♪ BASS ♪
84.6%
♪ Famous composer ♪♪ BACH ♪
84.3%
Skeletal building blockBONE
83.3%
Nemesis of BatmanBANE
82.6%
BacktalkSASS
81.7%
WithoutSANS
81.2%
Smash upBASH
80.9%
Numbered subjectMATH
80.8%
Speed of sound unitMACH
77.9%

Today's Daily Dose

You're not logged in!

Compare scores with friends on all Sporcle quizzes.
Sign Up with Email
OR
Log In

You Might Also Like...

Show Comments

Extras

Top Quizzes Today


Score Distribution

Your Account Isn't Verified!

In order to create a playlist on Sporcle, you need to verify the email address you used during registration. Go to your Sporcle Settings to finish the process.